00380nam a22001337a 4500008004100000040005500041080001200096100001700108245002700125260005600152300001000208650001500218653001300233230322b |||||||| |||| 00| 0 eng d aNational Science LibrarycNational Science Library a658bP3 aLarson, Alan aDemystifying six sigma aNew York: bAmerican Management Association, c2003 a191p. aManagement aIndustry